01425nam a2200265 a 450000100100000000500170001000800410002702000180006804000250008608200150011110000410012624500620016726000610022930000240029049000400031450000370035450400730039195201230046495201170058795201080070495201140081295201080092695201080103499900170114200003768220260303090147.0121115s2012 dr a 000 0 spa d a9789945074512 aDO-SdBNPbspacBNPHU axxxxbxxxx1 aAcosta Matos, Eliades,d1959-97447913aLa telaraña cubana de Trujillo /cEliades Acosta Matos. aSanto Domingo, :bArchivo General de la Nación,c2012. av. :bil. ;c23 cm.1 aArchivo General de la Naciónv157 aLa biblioteca posee el volumen 1 aIncluye referencias bibliográficas y notas al pie de las páginas 001054708PDaGRbGRcCTd2013-03-05iLF1l0ov. 1, e. 3p37682-30r2020-06-25w2020-06-25yLFPDZPréstamo en sala 001054708PDaGRbGRcCTd2013-03-13iLF1l0ov. 2p37682-60r2020-06-25w2020-06-25yLFPDZPréstamo en sala 0010718PDaPDbPDcHDd2013-03-05iLF1l0ov. 1p37682-10r2020-06-25w2020-06-25yLFPDZNo se presta 0010718PDaPDbPDcCTd2013-03-05iLF1l0ov. 1, e. 2p37682-20r2020-06-25w2020-06-25yLFPDZNo se presta 0010718PDaPDbPDcCTd2013-03-13iLF1l0ov. 2p37682-40r2020-06-25w2020-06-25yLFPDZNo se presta 0010718PDaPDbPDcCTd2013-03-13iLF1l0ov. 2p37682-50r2020-06-25w2020-06-25yLFPDZNo se presta c37172d37172